| 000 | 01143nam a22003497a 4500 | ||
|---|---|---|---|
| 003 | CHAP | ||
| 005 | 20220329143217.0 | ||
| 008 | 070228d mx r 00110 spa d | ||
| 010 | _a93342 | ||
| 011 | _a94314 | ||
| 020 | _a968 02 0178 3 | ||
| 035 | _a104901 | ||
| 040 | _cCHAP | ||
| 090 | _aFolleto 17091 | ||
| 100 | 0 | 0 |
_aMendoza Castelán, Guillermo. _974621 |
| 245 | 1 | 3 |
_aLa herbolaria como alternativa para la salud _c/por Guillermo Mendoza Castelán |
| 260 |
_aChapingo, Méx. : _bUACH. Departamento de Fitotecnia _c2005 |
||
| 300 | _a46 p. | ||
| 590 |
_aBATCH-UPD _b10 _c20130110 _lUCH01 _h1013 |
||
| 590 |
_aBATCH-UPD _b10 _c20130410 _lUCH01 _h0620 |
||
| 590 |
_aBATCH-UPD _b10 _c20130914 _lUCH01 _h0738 |
||
| 590 |
_aCONVERSION _b10 _c20130109 _lUCH01 _h1352 |
||
| 650 | 1 | 4 |
_aBotánica médica. _914680 |
| 650 | 1 | 4 |
_aBotánica _zMéxico. _914641 |
| 650 | 1 | 4 |
_aMateria médica mexicana. _972930 |
| 650 | 1 | 4 |
_aSalud. _9101807 |
| 901 | _aBK | ||
| 905 | _aElisama A. H. | ||
| 942 | _cFOLL | ||
| 949 |
_aFolleto 17091 _bBC _cFOLL _d33724002018538 _eTS1 _i104901 _sb |
||
| 949 |
_aFolleto 17091 _bBC _cFOLL _d33724002018694 _eTS2 _fc.2 _i104901 _si |
||
| 999 |
_c93342 _d93342 |
||